000 nam a22 7a 4500
999 _c128268
_d128268
008 180927b xxu||||| |||| 00| 0 eng d
020 _a9781473610255
050 _aBF199.A37 2017
100 _aAiken, Mary
_942593
245 _aThe cyber effect:
_ba pionnering cyberpsychologist explains how human behaviour changes online
_c/by Mary Aiken.
260 _aGreat Britain:
_bJohn Murray,
_c2017.
300 _a387p.;
_c20cm.
650 _aHuman behavior
_912870
650 _aInternet Users
_xPsychology
_942594
650 _aInterpersonal relations
_xPsychological aspects
_942595
650 _aSocial pschology
_942596
942 _2lcc
_cMONOGRAPH